| 000 | 00731nam a2200241 a 4500 | ||
|---|---|---|---|
| 005 | 20250704063919.0 | ||
| 008 | 070523s2006 mx r 000 0 spa d | ||
| 020 | _a8449317835 | ||
| 035 | _aUPN01000150388 | ||
| 049 | _aCG | ||
| 050 | 4 |
_aRJ101 _bF4.3 2006 |
|
| 100 | 1 | _aFernández-Beltrán, Francisco | |
| 245 | 1 | 0 |
_aCuaderno de un padre novato : _bmanual de supervivencia / _cFrancisco Fernández-Beltrán. |
| 250 | _a2a. | ||
| 260 |
_aBarcelona : _bPaidós, _c2006. |
||
| 300 |
_a253 p. : _bcuadros |
||
| 440 | 0 |
_aGuías para padres ; _v85 |
|
| 650 | 4 |
_aCuidado del niño _96392 |
|
| 650 | 4 |
_aNiños _xSalud e higiene _94876 |
|
| 650 | 2 |
_aPaternidad _96964 |
|
| 650 | 4 |
_aPADRES E HIJOS - _vMANUALES _96965 |
|
| 905 | _aLibro | ||
| 999 |
_c122529 _d122529 |
||